Ozywienie gospodarki przez eksport w swietle makroekonomicznych rachunków symulacyjnych.
Export ako jediný oživujúci impulz pre poľskú ekonomiku. Poľský exportný scenár, v ktorom sa riešili dve otázky. Jeho stabilizácia na r. 1992-1994. Výsledky jeho prvej fázy (1994). Jeho fáza začatia modernizácie (1995-1997). Rozvojová fáza scenára (1998-2000). Exportný scenár na rok 2000.
Salvato in:
| Autore principale: | |
|---|---|
| Natura: | Capitolo di libro |
| Lingua: | polacco |
| Soggetti: | |
| Tags: |
Nessun Tag, puoi essere il primo ad aggiungerne!!
|
MARC
| LEADER | 00000naa a2200000 4500 | ||
|---|---|---|---|
| 001 | r009837 | ||
| 005 | 20221125123142.8 | ||
| 041 | 0 | |a pol | |
| 044 | |a PL | ||
| 245 | 1 | 0 | |a Ozywienie gospodarki przez eksport w swietle makroekonomicznych rachunków symulacyjnych. |c K. Barteczko |
| 520 | |a Export ako jediný oživujúci impulz pre poľskú ekonomiku. Poľský exportný scenár, v ktorom sa riešili dve otázky. Jeho stabilizácia na r. 1992-1994. Výsledky jeho prvej fázy (1994). Jeho fáza začatia modernizácie (1995-1997). Rozvojová fáza scenára (1998-2000). Exportný scenár na rok 2000. | ||
| 610 | 2 | 0 | |a metódy ekonomicko-matematické |
| 610 | 2 | 0 | |a simulácia |
| 610 | 2 | 0 | |a prognózy |
| 610 | 2 | 0 | |a vývoz |
| 610 | 2 | 0 | |a 1992-2000 |
| 610 | 2 | 0 | |a PR |
| 610 | 2 | 0 | |a údaje štatistické |
| 610 | 2 | 0 | |a oživenie |
| 610 | 2 | 0 | |a stabilizácia hospodárstva |
| 100 | 1 | |a Barteczko, K. | |